<?xml version="1.0" encoding="UTF-8"?>
<record
    xmlns:xsi="http://www.w3.org/2001/XMLSchema-instance"
    xsi:schemaLocation="http://www.loc.gov/MARC21/slim http://www.loc.gov/standards/marcxml/schema/MARC21slim.xsd"
    xmlns="http://www.loc.gov/MARC21/slim">

  <leader>01558nam a22001577a 4500</leader>
  <datafield tag="999" ind1=" " ind2=" ">
    <subfield code="c">523308</subfield>
    <subfield code="d">523308</subfield>
  </datafield>
  <controlfield tag="008">230807b           ||||| |||| 00| 0 eng d</controlfield>
  <datafield tag="100" ind1=" " ind2=" ">
    <subfield code="a">Nika, Fayaz Ahmad and Bashir, Ishfaq </subfield>
    <subfield code="9">42454</subfield>
  </datafield>
  <datafield tag="245" ind1=" " ind2=" ">
    <subfield code="a">Impact of psychological well-being on employee performance and productivity</subfield>
  </datafield>
  <datafield tag="260" ind1=" " ind2=" ">
    <subfield code="a">Productivity </subfield>
  </datafield>
  <datafield tag="300" ind1=" " ind2=" ">
    <subfield code="a">63(4), Jan-Mar, 2023: p.417-427</subfield>
  </datafield>
  <datafield tag="520" ind1=" " ind2=" ">
    <subfield code="a">This paper intends to identify the key factors of employee engagement and well-being as antecedents to employee performance and the resultant impact on employee productivity. The study is empirical in nature and simple random sampling was used for data collection with the private sector of the state of Jammu &amp; Kashmir as the universe. A total of 550 questionnaires were distributed and 513 valid responses collected. Regression and structural equation modelling (SEM) were used to predict and estimate the relationship. The findings from the study reveal that all identified factors are predictors of psychological well-being (r2 = 0.46), however, the variables that have a major impact are environmental mastery. autonomy, and self-acceptance. Psychological well-being has a significant impact on employee performance (r2 = 0.42). This study contributes to both theory and practice by investigating the impact of psychological well-being on employee performance and productivity in private sector undertakings. &#x2013; Reproduced </subfield>
  </datafield>
  <datafield tag="650" ind1=" " ind2=" ">
    <subfield code="a">Psychological well-being, Employee performance, Productivity</subfield>
    <subfield code="9">42455</subfield>
  </datafield>
  <datafield tag="773" ind1=" " ind2=" ">
    <subfield code="a">Productivity </subfield>
  </datafield>
  <datafield tag="906" ind1=" " ind2=" ">
    <subfield code="a">EMPLOYEES PERFORMANCE</subfield>
  </datafield>
  <datafield tag="942" ind1=" " ind2=" ">
    <subfield code="c">AR</subfield>
  </datafield>
  <datafield tag="952" ind1=" " ind2=" ">
    <subfield code="0">0</subfield>
    <subfield code="1">0</subfield>
    <subfield code="2">ddc</subfield>
    <subfield code="4">0</subfield>
    <subfield code="7">0</subfield>
    <subfield code="9">398347</subfield>
    <subfield code="a">IIPA</subfield>
    <subfield code="b">IIPA</subfield>
    <subfield code="d">2023-08-07</subfield>
    <subfield code="h">63(4), Jan-Mar, 2023: p.417-427</subfield>
    <subfield code="p">AR129274</subfield>
    <subfield code="r">2023-08-07</subfield>
    <subfield code="y">AR</subfield>
  </datafield>
</record>
